[Event "Gran Canaria op Seniors"]
[Site "Gran Canaria"]
[Date "2019.02.19"]
[Round "4"]
[White "Parsons, Alan"]
[Black "Garcia Caballero, Luis"]
[Result "1-0"]
[WhiteElo "1768"]
[BlackElo "1692"]
[PlyCount "97"]
[EventDate "2019.02.07"]
[EventType "swiss"]
[EventRounds "7"]
[EventCountry "ESP"]
[SourceTitle "CBM 189 Extra"]
[Source "ChessBase"]
[SourceDate "2019.06.03"]
[SourceVersion "1"]
[SourceVersionDate "2019.06.03"]
[SourceQuality "1"]

1. g3 Nf6 2. Bg2 e5 3. d4 exd4 4. Nf3 Bb4+ 5. Nbd2 d6 6. 0-0 c5 7. Nb3 0-0 8. e3 dxe3 9. Bxe3 c4 10. c3 cxb3 11. cxb4 bxa2 12. Rxa2 Be6 13. Ra3 Na6 14. Ng5 Bc4 15. Bxb7 Bxf1 16. Qxf1 Nxb4 17. Bxa8 Qxa8 18. Qd1 a5 19. Bb6 h6 20. Bxa5 Nbd5 21. Nf3 Qb7 22. Rb3 Qa6 23. Qd2 Ra8 24. Ra3 Qb5 25. Nd4 Qc5 26. Bb4 Qc8 27. Rxa8 Qxa8 28. Nf5 Nxb4 29. Qxb4 d5 30. Qc3 Qa1+ 31. Kg2 Qb1 32. Nxh6+ gxh6 33. Qxf6 Qe4+ 34. f3 Qe2+ 35. Kh3 Qf1+ 36. Kg4 Qc4+ 37. f4 d4 38. Qd8+ Kg7 39. Kh5 d3 40. f5 Qc1 41. f6+ Kh7 42. Qxd3+ Kg8 43. Qb5 Qe3 44. Qb8+ Kh7 45. Qf4 Qe2+ 46. g4 Qb5+ 47. Kh4 Qxb2 48. Kh5 Qb5+ 49. Qf5+ 1-0

[Event "Canarias-chT"]
[Site "Vecindario"]
[Date "2018.06.02"]
[Round "5.2"]
[White "Jablanovic, Sasa"]
[Black "Garcia Caballero, Luis"]
[Result "1-0"]
[WhiteElo "1668"]
[BlackElo "1747"]
[PlyCount "79"]
[EventDate "2018.05.31"]
[EventType "team-swiss"]
[EventRounds "6"]
[EventCountry "ESP"]
[SourceTitle "EXT 2024"]
[Source "ChessBase"]
[SourceDate "2023.10.10"]
[SourceVersion "1"]
[SourceVersionDate "2023.10.10"]
[SourceQuality "1"]
[WhiteTeam "Mogan V"]
[BlackTeam "Villa de Teror Goya "]
[WhiteTeamCountry "ESP"]
[BlackTeamCountry "ESP"]

1. e4 e5 2. Nc3 Nf6 3. a3 d5 4. exd5 Nxd5 5. Nxd5 Qxd5 6. Nf3 Bg4 7. Be2 e4 8. Ng1 Bxe2 9. Nxe2 f5 10. 0-0 Nc6 11. Nf4 Qf7 12. d4 0-0-0 13. d5 Rd7 14. c4 Nd8 15. Qa4 a6 16. b4 g5 17. Ne2 f4 18. Nd4 Bg7 19. Bb2 Rd6 20. Rab1 Re8 21. Nf5 Rg6 22. Nxg7 Rg8 23. Ne6 Nxe6 24. dxe6 Rxe6 25. Rbd1 f3 26. g3 Qf5 27. Qd7+ Kb8 28. Kh1 Rc8 29. Rd5 Qh3 30. Rg1 e3 31. Bd4 e2 32. Bc3 Rce8 33. Be1 R8e7 34. Qd8+ Ka7 35. Qc8 Rh6 36. Qxh3 Rxh3 37. g4 Re4 38. c5 Rc4 39. Rxg5 Rh4 40. Rg7 1-0

[Event "Las Palmas Insular-chT Primera-A 1617"]
[Site "Las Palmas"]
[Date "2017.02.18"]
[Round "11.3"]
[White "Kleine, Peter"]
[Black "Garcia Caballero, Luis"]
[Result "1-0"]
[WhiteElo "1554"]
[BlackElo "1749"]
[PlyCount "56"]
[EventDate "2016.10.22"]
[EventType "team-tourn"]
[EventRounds "14"]
[EventCountry "ESP"]
[SourceTitle "EXT 2018"]
[Source "ChessBase"]
[SourceDate "2017.10.13"]
[SourceVersion "1"]
[SourceVersionDate "2017.10.13"]
[SourceQuality "1"]
[WhiteTeam "Tres W II"]
[BlackTeam "Villa de Teror II"]
[WhiteTeamCountry "ESP"]
[BlackTeamCountry "ESP"]

1. c4 e6 2. Nc3 Nf6 3. g3 d5 4. cxd5 exd5 5. d4 Bb4 6. Bd2 Nc6 7. e3 0-0 8. Bg2 Bf5 9. Nge2 Qd7 10. 0-0 Ne7 11. Ne4 Bxe4 12. Bxb4 Bxg2 13. Kxg2 Rfe8 14. Nc3 Nf5 15. Qa4 c6 16. Rac1 Ng4 17. Nd1 Qe6 18. Bd2 Qe4+ 19. Kg1 Qf3 20. Qb3 Re6 21. Qxb7 Rae8 22. Rxc6 Nd6 23. Qd7 Nxh2 24. Rxd6 Nxf1 25. Rxe6 Rf8 26. Re8 g6 27. Rxf8+ Kxf8 28. Bb4+ Kg7 1-0

[Event "Las Palmas Insular-chT Primera-B 1617"]
[Site "Las Palmas"]
[Date "2016.10.29"]
[Round "2.2"]
[White "Garcia Caballero, Luis"]
[Black "Medina Suarez, Jose Roman"]
[Result "1-0"]
[WhiteElo "1786"]
[BlackElo "1565"]
[PlyCount "43"]
[EventDate "2016.10.22"]
[EventType "team-tourn"]
[EventRounds "14"]
[EventCountry "ESP"]
[SourceTitle "EXT 2018"]
[Source "ChessBase"]
[SourceDate "2017.10.13"]
[SourceVersion "1"]
[SourceVersionDate "2017.10.13"]
[SourceQuality "1"]
[WhiteTeam "Drago de Sataute Centro Goya III"]
[BlackTeam "Anand III"]
[WhiteTeamCountry "ESP"]
[BlackTeamCountry "ESP"]

1. e4 e5 2. Nf3 d6 3. d4 exd4 4. Qxd4 Nc6 5. Bb5 Bd7 6. Qe3 Be7 7. Nc3 Nf6 8. Bd2 a6 9. Ba4 0-0 10. 0-0-0 b5 11. Bb3 Na5 12. e5 Nxb3+ 13. axb3 Ng4 14. Qe1 Re8 15. h3 Nxe5 16. Nxe5 dxe5 17. Qxe5 Bf6 18. Qc5 Re5 19. Nd5 c6 20. Nxf6+ Qxf6 21. Qb6 Bf5 22. Bc3 1-0

[Event "Las Palmas Insular-chT Primera-B"]
[Site "Las Palmas"]
[Date "2016.03.05"]
[Round "13.1"]
[White "Macias Reyes, Jose Luis"]
[Black "Garcia Caballero, Luis"]
[Result "0-1"]
[WhiteElo "1557"]
[BlackElo "1737"]
[PlyCount "60"]
[EventDate "2015.10.17"]
[EventType "team-tourn"]
[EventRounds "14"]
[EventCountry "ESP"]
[SourceTitle "EXT 2017"]
[Source "ChessBase"]
[SourceDate "2016.10.25"]
[SourceVersion "1"]
[SourceVersionDate "2016.10.25"]
[SourceQuality "1"]
[WhiteTeam "Sociedad La Montana III"]
[BlackTeam "Goya Villa de Teror IV"]
[WhiteTeamCountry "ESP"]
[BlackTeamCountry "ESP"]

1. d4 d5 2. c4 e6 3. Nc3 Bb4 4. Qc2 Nf6 5. a3 Bxc3+ 6. Qxc3 Ne4 7. Qc2 Nc6 8. e3 0-0 9. Bd3 f5 10. f3 Qh4+ 11. g3 Nxg3 12. Qf2 f4 13. exf4 Nf5 14. Bxf5 Qxf2+ 15. Kxf2 Rxf5 16. cxd5 Rxd5 17. Ne2 Nxd4 18. Nc3 Rd7 19. b4 b6 20. Ne4 Bb7 21. Bb2 Nxf3 22. Ke3 Bxe4 23. Kxe4 Nd2+ 24. Ke5 Nc4+ 25. Kxe6 Rd6+ 26. Ke7 Nxb2 27. Rhg1 Rf8 28. Rg4 Nc4 29. Rxg7+ Kxg7 30. Rg1+ Rg6 0-1

[Event "Las Palmas Insular-chT Pref-A"]
[Site "Las Palmas"]
[Date "2015.11.07"]
[Round "2.4"]
[White "Garcia Caballero, Luis"]
[Black "Sosa Suarez, Carla Cristina"]
[Result "1-0"]
[WhiteElo "1749"]
[BlackElo "1594"]
[PlyCount "81"]
[EventDate "2015.10.17"]
[EventType "team-tourn"]
[EventRounds "14"]
[EventCountry "ESP"]
[SourceTitle "CBM 170 Extra"]
[Source "ChessBase"]
[SourceDate "2016.02.25"]
[SourceVersion "1"]
[SourceVersionDate "2016.02.25"]
[SourceQuality "1"]
[WhiteTeam "Goya Villa de Teror II"]
[BlackTeam "Sociedad La Montana II"]
[WhiteTeamCountry "ESP"]
[BlackTeamCountry "ESP"]

1. e4 e6 2. d4 d5 3. Nc3 Nf6 4. e5 Nfd7 5. f4 c5 6. Nf3 Nc6 7. Be3 a6 8. Be2 Qb6 9. Rb1 cxd4 10. Bxd4 Nxd4 11. Nxd4 Bc5 12. Na4 Qa5+ 13. c3 Bxd4 14. Qxd4 Qc7 15. b3 b5 16. Nb2 Bb7 17. 0-0 Rc8 18. Rfc1 Qc5 19. Nd3 Qxd4+ 20. cxd4 Ke7 21. Kf2 f6 22. Ke3 f5 23. a4 bxa4 24. bxa4 Bc6 25. Nc5 Rb8 26. Rxb8 Rxb8 27. Nxe6 Kxe6 28. Rxc6+ Ke7 29. Rxa6 Rb3+ 30. Bd3 Nb6 31. Kd2 Rb4 32. a5 Na4 33. Ra7+ Kf8 34. a6 Rxd4 35. Ke3 Rb4 36. Rb7 d4+ 37. Kf3 Nb6 38. Rxb6 Rxb6 39. a7 Rb3 40. a8Q+ Ke7 41. Qa7+ 1-0

[Event "Las Palmas Insular-chT Pref-B"]
[Site "Las Palmas"]
[Date "2015.03.21"]
[Round "11.2"]
[White "Sanchez Montesdeoca, Isaac"]
[Black "Garcia Caballero, Luis"]
[Result "1/2-1/2"]
[WhiteElo "1800"]
[BlackElo "1813"]
[PlyCount "136"]
[EventDate "2014.11.22"]
[EventType "team-tourn"]
[EventRounds "14"]
[EventCountry "ESP"]
[SourceTitle "EXT 2016"]
[Source "ChessBase"]
[SourceDate "2015.10.08"]
[SourceVersion "1"]
[SourceVersionDate "2015.10.08"]
[SourceQuality "1"]
[WhiteTeam "El Patio Casa Museo"]
[BlackTeam "Villa de Teror Goya III"]
[WhiteTeamCountry "ESP"]
[BlackTeamCountry "ESP"]

1. e4 e5 2. d4 exd4 3. Qxd4 Nc6 4. Qe3 Nf6 5. Nc3 Bb4 6. Bd2 0-0 7. 0-0-0 Re8 8. Qg3 Nxe4 9. Nxe4 Bxd2+ 10. Nxd2 d5 11. Bb5 Bf5 12. Ngf3 Re6 13. Bxc6 Rxc6 14. Nd4 Rg6 15. Qe5 Bg4 16. f3 f6 17. Qe2 Bd7 18. N2b3 b6 19. Rhe1 f5 20. Qe7 Qc8 21. g3 c5 22. Ne2 Re6 23. Qg5 Qe8 24. Qd2 d4 25. Nf4 Rxe1 26. Rxe1 Qf7 27. Kb1 a5 28. h4 Bc6 29. Re5 Bxf3 30. Qe1 Be4 31. Nd2 Re8 32. Rxe8+ Qxe8 33. Nxe4 fxe4 34. Kc1 e3 35. Qe2 Qe4 36. Qg2 Qxg2 37. Nxg2 Kf7 38. Kd1 Ke6 39. Ke2 Kd5 40. Nf4+ Ke4 41. a4 c4 42. h5 g5 43. Ne6 d3+ 44. cxd3+ cxd3+ 45. Ke1 Kf5 46. Nf8 h6 47. Nd7 Kg4 48. Ne5+ Kxh5 49. b3 d2+ 50. Ke2 g4 51. Nc4 Kg5 52. Nxe3 h5 53. Kxd2 h4 54. gxh4+ Kxh4 55. Kd3 g3 56. Kc4 Kg5 57. Kd3 Kf4 58. Ke2 Ke4 59. Kd2 Kf3 60. Nc2 Ke4 61. Ke2 g2 62. Kf2 Kd3 63. Ne3 Kc3 64. Nd5+ Kxb3 65. Nxb6 Kb4 66. Kxg2 Kc5 67. Nc8 Kb4 68. Nb6 Kc5 1/2-1/2

[Event "Las Palmas Insular-chT Pref-B"]
[Site "Las Palmas"]
[Date "2014.12.20"]
[Round "3.1"]
[White "Garcia Caballero, Luis"]
[Black "Mengibar Martinez, Manuel"]
[Result "1-0"]
[WhiteElo "1813"]
[BlackElo "1943"]
[PlyCount "57"]
[EventDate "2014.11.22"]
[EventType "team-tourn"]
[EventRounds "14"]
[EventCountry "ESP"]
[SourceTitle "EXT 2016"]
[Source "ChessBase"]
[SourceDate "2015.10.08"]
[SourceVersion "1"]
[SourceVersionDate "2015.10.08"]
[SourceQuality "1"]
[WhiteTeam "Villa de Teror Goya III"]
[BlackTeam "Pulido San Mateo II"]
[WhiteTeamCountry "ESP"]
[BlackTeamCountry "ESP"]

1. e4 c6 2. d4 d5 3. Nc3 dxe4 4. Nxe4 Nd7 5. Qe2 Nb6 6. Bf4 e6 7. 0-0-0 Nf6 8. Nxf6+ Qxf6 9. Be5 Qe7 10. h4 Qb4 11. Rh3 Nd5 12. c4 Nf6 13. Rb3 Qa5 14. Kb1 Be7 15. g4 Rg8 16. Bh3 h6 17. g5 hxg5 18. hxg5 Nd7 19. g6 f5 20. d5 Nxe5 21. Qxe5 cxd5 22. cxd5 Bf6 23. Qd6 Be7 24. Qf4 Qd8 25. Nf3 Qd6 26. Qxd6 Bxd6 27. dxe6 Ke7 28. Nd4 Bxe6 29. Re1 1-0

[Event "Las Palmas Centro Goya op"]
[Site "Las Palmas"]
[Date "2014.12.01"]
[Round "1"]
[White "Hernandez Suarez, Francisco"]
[Black "Garcia Caballero, Luis"]
[Result "0-1"]
[WhiteElo "1132"]
[BlackElo "1813"]
[PlyCount "68"]
[EventDate "2014.12.01"]
[EventType "swiss"]
[EventRounds "9"]
[EventCountry "ESP"]
[SourceTitle "CBM 163 Extra"]
[Source "ChessBase"]
[SourceDate "2014.12.23"]
[SourceVersion "1"]
[SourceVersionDate "2014.12.23"]
[SourceQuality "1"]

1. d4 d5 2. c4 e6 3. Nc3 Nc6 4. Nf3 Bb4 5. Qc2 Nf6 6. Bg5 h6 7. Bf4 0-0 8. a3 Bxc3+ 9. Qxc3 a5 10. e3 Bd7 11. Bd3 dxc4 12. Bxc4 Nd5 13. Bxd5 exd5 14. 0-0 Bg4 15. Ne5 Nxe5 16. Bxe5 c6 17. f3 Bf5 18. Bg3 a4 19. Qb4 Qd7 20. Rf2 Rfe8 21. Re1 b5 22. Bf4 Re6 23. Be5 f6 24. Bg3 Rae8 25. Qc3 R8e7 26. h3 Qe8 27. Rfe2 Qg6 28. Kh2 Bd3 29. Rf2 Bc4 30. Bf4 Qe8 31. g4 g5 32. Bg3 h5 33. Qc2 h4 34. Qg6+ Qxg6 0-1

[Event "Las Palmas Insular-chT 1a 1314"]
[Site "Las Palmas"]
[Date "2014.03.22"]
[Round "12.1"]
[White "Garcia Caballero, Luis"]
[Black "Hernandez Bacallado, Benigno"]
[Result "1-0"]
[WhiteElo "1973"]
[BlackElo "1846"]
[PlyCount "106"]
[EventDate "2013.11.09"]
[EventType "team-tourn"]
[EventRounds "14"]
[EventCountry "ESP"]
[SourceTitle "EXT 2015"]
[Source "ChessBase"]
[SourceDate "2014.11.20"]
[SourceVersion "1"]
[SourceVersionDate "2014.11.20"]
[SourceQuality "1"]
[WhiteTeam "Villa de Teror  II"]
[BlackTeam "La Bagacera"]
[WhiteTeamCountry "ESP"]
[BlackTeamCountry "ESP"]

1. e4 c6 2. d4 d5 3. Nc3 dxe4 4. Nxe4 Bf5 5. Ng3 Bg6 6. Nh3 Nd7 7. Nf4 Ngf6 8. c3 Qc7 9. Bc4 Nb6 10. Bb3 Nbd5 11. Nxg6 hxg6 12. c4 Nb6 13. Qe2 e6 14. Bd2 Be7 15. 0-0-0 0-0-0 16. Bc3 Qf4+ 17. Rd2 Ng4 18. h3 Nf6 19. Kb1 Rd7 20. Rhd1 Rhd8 21. Rd3 Qh4 22. Qe3 g5 23. Ba5 Qf4 24. Ne2 Qxe3 25. fxe3 Ne4 26. Rf1 Nf6 27. Nc3 e5 28. Na4 Nxa4 29. Bxd8 Nc5 30. dxc5 Rxd8 31. Rxd8+ Kxd8 32. Rf5 g6 33. Rxe5 Nd7 34. Re4 Bxc5 35. Kc2 Bb6 36. Kd2 Nc5 37. Rd4+ Ke7 38. Bc2 f5 39. Ke2 Ne6 40. Rd1 f4 41. exf4 Nd4+ 42. Kd3 gxf4 43. Re1+ Kf7 44. Bd1 g5 45. Bh5+ Kf6 46. Re8 Ne6 47. Bg4 Nd8 48. c5 Bc7 49. Kc4 Kf7 50. Bh5+ Kf6 51. Rg8 Ne6 52. Ra8 b5+ 53. cxb6 axb6 1-0

[Event "Las Palmas Insular-chT Primera-A"]
[Site "Las Palmas"]
[Date "2014.01.25"]
[Round "7.1"]
[White "Camino Carrio, Nicanor"]
[Black "Garcia Caballero, Luis"]
[Result "1-0"]
[WhiteElo "2045"]
[BlackElo "1973"]
[PlyCount "61"]
[EventDate "2013.11.09"]
[EventType "team-tourn"]
[EventRounds "14"]
[EventCountry "ESP"]
[SourceTitle "EXT 2015"]
[Source "ChessBase"]
[SourceDate "2014.11.20"]
[SourceVersion "1"]
[SourceVersionDate "2014.11.20"]
[SourceQuality "1"]
[WhiteTeam "San Andres"]
[BlackTeam "Villa de Teror "]
[WhiteTeamCountry "ESP"]
[BlackTeamCountry "ESP"]

1. e4 e5 2. Nf3 Nf6 3. Nxe5 d6 4. Nf3 Nxe4 5. Nc3 Nf6 6. h3 Be7 7. d4 0-0 8. Bd3 Nc6 9. a3 Re8 10. 0-0 d5 11. Re1 Be6 12. Bf4 Bd6 13. Be5 h6 14. Qd2 Bxe5 15. dxe5 Nh7 16. Qf4 Ng5 17. Nh2 Bxh3 18. Qg3 Be6 19. f4 Ne4 20. Nxe4 dxe4 21. Bxe4 Qd4+ 22. Kh1 Ne7 23. Nf3 Qxb2 24. Nh4 Bd5 25. Bd3 Qb6 26. f5 f6 27. Rab1 Qd4 28. Rb4 Qc3 29. Rg4 fxe5 30. Rxg7+ Kf8 31. f6 1-0

[Event "Las Palmas Insular-chT Pref"]
[Site "Las Palmas"]
[Date "2013.02.16"]
[Round "9.4"]
[White "Quiza Vazquez, Carolina"]
[Black "Garcia Caballero, Luis"]
[Result "1-0"]
[WhiteElo "1669"]
[BlackElo "2012"]
[PlyCount "91"]
[EventDate "2012.11.10"]
[EventType "team-tourn"]
[EventRounds "14"]
[EventCountry "ESP"]
[SourceTitle "EXT 2014"]
[Source "ChessBase"]
[SourceDate "2013.11.20"]
[SourceVersion "1"]
[SourceVersionDate "2013.11.20"]
[SourceQuality "1"]
[WhiteTeam "Grandama"]
[BlackTeam "Villa de Teror"]
[WhiteTeamCountry "ESP"]
[BlackTeamCountry "ESP"]

1. d4 d5 2. Nf3 e6 3. c3 c5 4. Bg5 Qb6 5. Qc2 cxd4 6. cxd4 Nc6 7. e3 Nge7 8. Nc3 Ng6 9. a3 h6 10. Bh4 Nxh4 11. Nxh4 Bd7 12. Bd3 Rc8 13. 0-0 Bd6 14. Rac1 g5 15. Nf3 g4 16. Ne1 h5 17. Qe2 Qd8 18. Nc2 Qh4 19. g3 Qh3 20. e4 h4 21. e5 Bc7 22. Nb5 Ke7 23. Nxc7 Rxc7 24. Qd2 Rcc8 25. Qg5+ Kf8 26. Qd2 Rh5 27. Rfe1 hxg3 28. fxg3 Rh8 29. Qf2 Be8 30. Re2 Ke7 31. Qf6+ Kd7 32. Qf4 a6 33. Rf1 Ne7 34. Nb4 Qh5 35. Ref2 Ng8 36. Rc1 Ne7 37. Rxc8 Kxc8 38. Qc1+ Kb8 39. Qc5 Qg5 40. Qd6+ Ka7 41. Qc5+ Kb8 42. Qb6 Qc1+ 43. Kg2 Nc8 44. Nxa6+ Ka8 45. Qc7 Bc6 46. Qb8# 1-0